| 000 | 00585nam a2200181 i 4500 | ||
|---|---|---|---|
| 001 | 20141 | ||
| 003 | ES-MaACL | ||
| 005 | 20250802095047.0 | ||
| 007 | t| | ||
| 008 | 021107s1943 sp |||| | spa d | ||
| 100 | 1 |
_aAguado, Emiliano, _d1907-1979 _918604 |
|
| 245 | 1 | 0 |
_aEn los caminos de la noche / _cEmiliano Aguado ; ilustraciones de Pedro de Valencia. |
| 260 |
_aValencia : _bHorizontes, _c1943 ( _fTipografĂa Moderna) |
||
| 300 |
_a162 p. : _bil. ; _c21 cm. |
||
| 700 | 0 |
_aValencia, Pedro de, _d1902- _9112570 |
|
| 852 |
_aES-MaACL _jF-15937 |
||
| 999 |
_c20141 _d20141 |
||